<?xml version="1.0" encoding="UTF-8"?>
<collection xmlns="http://www.loc.gov/MARC21/slim">
  <record>
    <leader>00000nam  2200000   4500</leader>
    <controlfield tag="001">INLIS000000000002734</controlfield>
    <controlfield tag="005">20180724150408</controlfield>
    <controlfield tag="008">180724|||||||||   |   |||   |||| ||   | </controlfield>
    <datafield tag="035" ind1=" " ind2=" ">
      <subfield code="0">010-0718002734</subfield>
    </datafield>
    <datafield tag="041" ind1=" " ind2=" ">
      <subfield code="a">id</subfield>
    </datafield>
    <datafield tag="082" ind1=" " ind2=" ">
      <subfield code="a">R. 083</subfield>
    </datafield>
    <datafield tag="090" ind1=" " ind2=" ">
      <subfield code="a">R. 083 PIM I Angkatan XXXVII 2017</subfield>
    </datafield>
    <datafield tag="100" ind1=" " ind2=" ">
      <subfield code="a">Sinaga, Berty D.K.</subfield>
    </datafield>
    <datafield tag="245" ind1=" " ind2=" ">
      <subfield code="a">Optimalisasi Jabatan Fungsional Tenaga Pendidik S-1 Melalui Program Uji Kompetensi Di Sekolah Tinggi Ilmu Kepolisian - PTIK</subfield>
    </datafield>
    <datafield tag="260" ind1=" " ind2=" ">
      <subfield code="a">Jakarta</subfield>
      <subfield code="b">LAN Jakarta</subfield>
      <subfield code="c">2017</subfield>
    </datafield>
    <datafield tag="300" ind1=" " ind2=" ">
      <subfield code="a">vii; 102 hlm.; Ilus; 30 cm</subfield>
    </datafield>
    <datafield tag="500" ind1=" " ind2=" ">
      <subfield code="a">STIK-PTIK memiliki tujuan dalam mengembangkan ilmu kepolisian di Indonesia.  Dalam mencapai tujuan tersebut dilakukan usaha-usaha maksimal untuk meningkatkan kualitas proses belajar mengajar sehingga Lembaga ini mampu meluluskan para perwira-perwira dengan kualitas terbaik untuk memenuhi kebutuhan masyarakat, bangsa, dan negara.  Dengan adanya proyek perubahan “Optimalisasi Jabatan Fungsional Tenaga Pendidik S-1 Melalui Program Uji Kompetensi di Sekolah Tinggi Ilmu Kepolisian-PTIK” diharapkan semakin meningkatkan kompetensi para anggota polri yang memiliki jabatan fungsional Tenaga Pendidik di STIK-PTIK.  Bahwa pada pelaksanaan program Serifikasi Uji Kompetensi di Sekolah Tinggi Ilmu Kepolisian-PTIK belum dapat melakukan sertifikasi uji kompetensi kepada para tenaga kependidikan yang mengampu bidang kesehatan, kesamaptaan jasmani dan bela diri.  Maka direkomendasikan kepada Kepala Bagian Sumber Daya Manusia yang baru, untuk melaksanakannya di waktu yang akan datang.</subfield>
    </datafield>
    <datafield tag="650" ind1=" " ind2=" ">
      <subfield code="a">Jabatan Fungsional</subfield>
    </datafield>
  </record>
</collection>
